000 01184nac a22003017a 4500
001 BR8400407
003 BR-BrBNA
005 20240105115923.0
008 230509b bl.|||m| |||| 00| 0 por d
040 _aBR-BrBNA
_bpor
_cBiblioteca Nacional de Agricultura
072 _aF28; N20
090 _aF28 BR8400407
100 1 _aResck, D.V.S.
110 1 _aCentro de Pesquisa Agropecuaria dos Cerrados, Planaltina, DF (Brasil)
245 1 _aAperfeicoamento e calibracao de aparelhos coletores de enxurrada para a medicao de perdas de solo, agua e nutrientes em estudos com simulador de chuva
246 1 _aCalibration and improvement of runoff collector for measuring soil, water and nutrient losses in studies with rainfall simulator
260 3 _aPlanaltina, DF (Brasil):
_c1983.
300 _a24 p.
490 _aBoletim de Pesquisa - Centro de Pesquisa Agropecuaria dos Cerrados (Brazil)
_vno. 19
_x
500 _a13 illus.; 9 ref.; Summaries (En, Pt)
650 _aEROSAO DO SOLO
650 _aSIMULADOR DE CHUVA
650 _aEQUIPAMENTO AGRICOLA
650 _aCHUVA
650 _aSOLO
909 _a202312
_bLúcia Elande
_c55
_dLúcia Elande
942 _2AGRIS
_n0
_cMS
999 _c277086
_d277086